| 000 | 00711nam a2200241 a 4500 | ||
|---|---|---|---|
| 001 | BRL_1854 | ||
| 005 | 20190320211410.0 | ||
| 008 | 100815s1943----u--ob#####---#000-0#eng-# | ||
| 041 | _aeng | ||
| 044 | _au | ||
| 050 | 4 |
_aF1219.1.Y8 _b.R69 1943 |
|
| 100 | 1 |
_aRoys, Ralph Loveland _d1879-1965 _928056 |
|
| 245 | 1 | 0 |
_aThe Indian background of colonial Yucatan _cRalphl L. Roys. |
| 260 |
_aWashington _bCarnegie Institution of Washington _c1943 |
||
| 300 |
_avii, 244 p. _bil. _c25 cm. |
||
| 500 | _aAu2105 | ||
| 504 | _aBibliografía: p. 199-212 | ||
| 650 | 1 | 4 |
_aIndígenas de México _zYucatán _928057 |
| 650 | 1 | 4 |
_aMayas _98077 |
| 651 | 4 |
_aYucatán _xAntigüedades _99121 |
|
| 902 | _aGRL | ||
| 942 |
_2lcc _cB |
||
| 999 |
_c10662 _d10662 |
||